| Tag |
First Indicator |
Second Indicator |
Subfields |
| LEADER |
00000cam a2200000 4500 |
| 001 |
in00000171713 |
| 005 |
20151008084102.0 |
| 008 |
721010s1967 fr ah b 00010 fre d |
| 010 |
|
|
|a 67108735
|
| 015 |
|
|
|a F***
|
| 035 |
|
|
|a (OCoLC)00425288
|
| 035 |
|
|
|9 AAT8201AM
|
| 040 |
|
|
|c OUN
|d TXA
|d UtOrBLW
|
| 049 |
|
|
|a TXAM
|c [921855]
|
| 050 |
|
0 |
|a PQ1877
|b .A7 1967
|
| 082 |
0 |
|
|a 398.21
|
| 100 |
1 |
|
|a Perrault, Charles,
|d 1628-1703.
|
| 245 |
1 |
0 |
|a Contes /
|c [par] Perrault. [Textes etablis, avec introduction, sommaire biographique, bibliographie par Gilbert Rouger].
|
| 264 |
|
1 |
|a Paris :
|b Garnier,
|c 1967.
|
| 300 |
|
|
|a lxxxi, 329 pages :
|b illustrations, facsimiles ;
|c 19 cm.
|
| 336 |
|
|
|a text
|b txt
|2 rdacontent
|
| 337 |
|
|
|a unmediated
|b n
|2 rdamedia
|
| 338 |
|
|
|a volume
|b nc
|2 rdacarrier
|
| 490 |
0 |
|
|a Classiques Garnier
|
| 504 |
|
|
|a Bibliography: pages [lxiii]-lxxxi.
|
| 650 |
|
0 |
|a Fairy tales.
|
| 700 |
1 |
|
|a Rouger, Gilbert.
|
| 999 |
|
|
|a MARS
|
| 999 |
f |
f |
|s ab214e3e-ecc2-3a69-897a-c09c0fb68a26
|i deb03532-f6ec-30ff-9822-9f9ba86b8aa3
|t 0
|
| 952 |
f |
f |
|p normal
|a Texas A&M University
|b College Station
|c Sterling C. Evans Library
|d Evans: Library Stacks
|t 0
|e PQ1877 .A7 1967
|h Library of Congress classification
|i unmediated -- volume
|m A14803760004
|
| 998 |
f |
f |
|a PQ1877 .A7 1967
|t 0
|l Evans: Library Stacks
|